ARRUPE JESUIT UNIVERSITY

CORONAVIRUS -STOP THE SPREAD - CLEAN,DISINFECT,COVER

Looting Africa (Record no. 123815)

MARC details
000 -LEADER
fixed length control field 00590nam a22001697a 4500
008 - FIXED-LENGTH DATA ELEMENTS--GENERAL INFORMATION
fixed length control field 151124b xxu||||| |||| 00| 0 eng d
020 ## - INTERNATIONAL STANDARD BOOK NUMBER
International Standard Book Number 9781842778111
050 ## - LIBRARY OF CONGRESS CALL NUMBER
Classification number HF1611.B663 2006
100 ## - MAIN ENTRY--PERSONAL NAME
Personal name Bond, Patrick
9 (RLIN) 6724
245 ## - TITLE STATEMENT
Title Looting Africa
Remainder of title the economics of exploitation
Statement of responsibility, etc /by Patrick Bond
260 ## - PUBLICATION, DISTRIBUTION, ETC. (IMPRINT)
Place of publication, distribution, etc London
-- New York
Name of publisher, distributor, etc Zed Books
Date of publication, distribution, etc 2006
300 ## - PHYSICAL DESCRIPTION
Extent xix,172p.;
Dimensions 22cm.
650 ## - SUBJECT ADDED ENTRY--TOPICAL TERM
Topical term or geographic name as entry element Globalization
General subdivision Economic aspect
Geographic subdivision Africa
9 (RLIN) 21170
650 ## - SUBJECT ADDED ENTRY--TOPICAL TERM
Topical term or geographic name as entry element Globalization
General subdivision Social aspect
Geographic subdivision Africa
9 (RLIN) 21171
650 ## - SUBJECT ADDED ENTRY--TOPICAL TERM
Topical term or geographic name as entry element Globalization
General subdivision Political aspect
Geographic subdivision Africa
9 (RLIN) 21172
942 ## - ADDED ENTRY ELEMENTS (KOHA)
Source of classification or shelving scheme Library of Congress Classification
Item type Monograph ( Printed materials)
Holdings
Withdrawn status Lost status Source of classification or shelving scheme Damaged status Not for loan Collection code Home library Current library Shelving location Date acquired Total Checkouts Full call number Barcode Date last seen Date last borrowed Price effective from Koha item type
    Library of Congress Classification     Main Collection ARRUPE LIBRARY ARRUPE LIBRARY Main Collection 24/11/2015 5 HF1611.B663 2006 46500005600 31/10/2023 28/09/2023 24/11/2015 Monograph ( Printed materials)
    Library of Congress Classification     Main Collection ARRUPE LIBRARY ARRUPE LIBRARY Main Collection 09/10/2020   HF1611.B663 2006 46600008384 09/10/2020   09/10/2020 Monograph ( Printed materials)

 

Arrupe Library. PO Box MP320 Mt Pleasant, Harare, Zimbabwe
263 242 745411|librarian@aju.ac.zw